Random capitals that end in S - Statistics

General Stats
  • This quiz has been taken 15 times
  • The average score is 7 of 7
Answer Stats
Hint Answer % Correct
Algeria Algiers
100%
Argentina Buenos Aires
100%
France Paris
100%
Tunisia Tunis
100%
Lithuania Vilnius
100%
Syria Damascus
93%
Mauritius Port Louis
57%
No matching quizzes found
Score Distribution
Percent of People with Each Score
Percentile by Number Answered
Your Score History
You have not taken this quiz